Χριστιανική Θεσσαλονίκη : Οθωμανική περίοδος 1430-1912, Δημήτρια Α'
Αποθηκεύτηκε σε:
| Συλλογικό Έργο: | , |
|---|---|
| Μορφή: | Πρακτικό Συνεδρίου Βιβλίο |
| Γλώσσα: | Greek |
| Δημοσίευση: |
Θεσσαλονίκη :
Κέντρο Ιστορίας Θεσσαλονίκης του Δήμου Θεσσαλονίκης,
1993.
|
| Σειρά: | Αυτοτελείς εκδόσεις (Κέντρο Ιστορίας Θεσσαλονίκης του Δήμου Θεσσαλονίκης)
12 |
| Θέματα: | |
| Ετικέτες: |
Προσθήκη ετικέτας
Δεν υπάρχουν, Καταχωρήστε ετικέτα πρώτοι!
|
MARC
| LEADER | 00000cam a2200000 i 4500 | ||
|---|---|---|---|
| 001 | 1/99349 | ||
| 008 | 950330s1993 gr | ||| |||| ||gre|| | ||
| 035 | |l 10011270 | ||
| 040 | |a GR-MyUa |b gre |e AACR2 | ||
| 041 | 0 | |a gre | |
| 082 | 7 | |a 938.945 |2 (22) | |
| 111 | 2 | |a Επιστημονικό Συμπόσιο "Χριστιανική Θεσσαλονίκη" |n (5ο : |d 1991 : |c Μονή Βλατάδων) | |
| 245 | 1 | 0 | |a Χριστιανική Θεσσαλονίκη : |b Οθωμανική περίοδος 1430-1912, Δημήτρια Α' / |c Κέντρο Ιστορίας Θεσσαλονίκης του Δήμου Θεσσαλονίκης. |
| 260 | |a Θεσσαλονίκη : |b Κέντρο Ιστορίας Θεσσαλονίκης του Δήμου Θεσσαλονίκης, |c 1993. | ||
| 300 | |a 214 σ. ; |c 24 εκ. | ||
| 490 | 1 | |a (Αυτοτελείς εκδόσεις / Κέντρο Ιστορίας Θεσσαλονίκης του Δήμου Θεσσαλονίκης ; |v 12) | |
| 610 | 2 | 0 | |a Orthodox Eastern Church |z Greece |z Thessalonike |x History |x Congresses. |
| 651 | 0 | |a Thessalonike (Greece) |x Church history |x Congresses. | |
| 711 | 2 | |a Δημήτρια |n (26α : |d 1991 : |c Θεσσαλονίκη) | |
| 830 | 0 | |a Αυτοτελείς εκδόσεις (Κέντρο Ιστορίας Θεσσαλονίκης του Δήμου Θεσσαλονίκης) |v 12 | |
| 852 | |a INST |b LESVOS |e 19950330 |h 938.945 ΕΠΙ |p 005100002001 |q 005100002001 |t BK |y 0 | ||
| 970 | |z 2000/06/ΟΙΚΟΝΟΜΟΠΟΥΛΟΥ ΧΡΙΣΤΙΝΑ | ||